000 00669nam a2200229 a 4500
001 13702
003 BD-JhCC
005 20240314135525.0
008 240314b 2016b |||| ||a| 001 0 b d
020 _a984900781082
035 _a(BD-JhCC)13702
040 _aBD-JhCC
_dBD-JhCC
041 _aben
082 _a891.4409
_bROK 2016
100 _a রোকেয়া, বেগম
245 _aমতিচুর
_bবেগম রোকেয়া
260 _aঢাকা:
_bসুচয়নী পাবলিশার্স;
_c2016.
300 _a192 p. :
_c22 cm.
650 _aবাংলা প্রবন্ধ
942 _2ddc
_cBK
999 _c13702
_d13702